000 00444nam a2200181Ia 4500
001 15931
005 20260306170232.0
008 260306t2017||||xx |||||||||||||| ||und||
041 _aESP
082 _a620.82
_bE92H
100 _aEstrada Muñoz, Jairo
_eAUT
245 0 _aErgonomía, higiene y seguridad ocupacional
260 _c2017
300 _a520 páginas :
_c24 cm.
650 _aGEN
654 _aCII
942 _cLIB
_dJUS
_fJUS
_2ddc
_n
999 _c15931
_d15931